Online Catalogue and eLibrary

Feminism and literature / (Record no. 19)

MARC details
000 -LEADER
fixed length control field 00569nam a2200205 a 4500
001 - CONTROL NUMBER
control field 686951
005 - DATE AND TIME OF LATEST TRANSACTION
control field 20231116234952.0
008 - FIXED-LENGTH DATA ELEMENTS--GENERAL INFORMATION
fixed length control field 951102s1995 ii b 101 0 eng
020 ## - INTERNATIONAL STANDARD BOOK NUMBER
ISBN 818521896X
040 ## - CATALOGING SOURCE (பட்டியலாக்க மூலம்)
Original cataloging agency DLC
Transcribing agency DLC
082 00 - DDC Classification
Class No. 823.009/954
DDC Edition Number 20
245 00 - TITLE STATEMENT
Title Feminism and literature /
Statement of responsibility, etc. edited by Veena Noble Dass.
260 ## - PUBLICATION, DISTRIBUTION, ETC.
Place of publication, distribution, etc. New Delhi :
Name of publisher, distributor, etc. Prestige,
Date of publication, distribution, etc. 1995.
300 ## - PHYSICAL DESCRIPTION
Extent (e.g. Volumes, Pages etc.) 240 p. ;
500 ## - GENERAL NOTE
General note "Women's studies/Feminism series"--Jacket.
650 #0 - SUBJECT ADDED ENTRY--TOPICAL TERM
Topical term or geographic name entry element Indic fiction (English)
650 #0 - SUBJECT ADDED ENTRY--TOPICAL TERM
Topical term or geographic name entry element Women in literature
700 1# - ADDED ENTRY--PERSONAL NAME
Personal name Dass, Veena Noble.
Relator term (Role) Editor
942 ## - Koha item type (Biblio)
Koha item type Books in Stacks (Lending)
Holdings
Lost status Damaged status Collection code Home library Current library Date acquired Full call number Accession Number Item type
    Lending WERC Library WERC Library 11/17/2023 823.009/954 2301 Books in Stacks (Lending)

© WERC Library